[Event "Cap d'Agde Cavalier op"]
[Site "Cap d'Agde"]
[Date "2003.10.24"]
[Round "1"]
[White "Barbosa, Jean"]
[Black "Robiolle, Jean Marie"]
[Result "1-0"]
[WhiteElo "1870"]
[BlackElo "2100"]
[PlyCount "77"]
[EventDate "2003.10.??"]
[EventType "swiss"]
[EventRounds "9"]
[EventCountry "FRA"]
[SourceTitle "EXT 2005"]
[Source "ChessBase"]
[SourceDate "2004.11.15"]
[SourceVersion "1"]
[SourceVersionDate "2004.11.15"]
[SourceQuality "1"]

1. e4 e6 2. d4 d5 3. Nc3 dxe4 4. Nxe4 Bd7 5. Nf3 Bc6 6. Bd3 Nf6 7. Qe2 Be7 8. Bf4 Nxe4 9. Bxe4 Bxe4 10. Qxe4 c6 11. 0-0 Nd7 12. Qe2 0-0 13. Rfe1 Qa5 14. c3 Rad8 15. h3 h6 16. a4 Qh5 17. a5 Nf6 18. a6 b6 19. Qc2 Qd5 20. c4 Qd7 21. Red1 Qc8 22. Ne5 c5 23. Qa4 cxd4 24. Nc6 Qd7 25. Rxd4 Qxd4 26. Nxd4 Rxd4 27. Be3 Rd3 28. Rd1 Rfd8 29. Rxd3 Rxd3 30. Bxb6 Rd2 31. b4 Bd6 32. Be3 Rb2 33. Qd1 Bxb4 34. Qd8+ Kh7 35. Bxa7 Ne4 36. Qd3 f5 37. Be3 Be1 38. a7 Ra2 39. Qb1 1-0